|
|
|
|
| LEADER |
00000nab a2200000 a 4500 |
| 001 |
vtls000662643 |
| 003 |
SK-MaSNL |
| 005 |
20260407154933.0 |
| 008 |
140302c1998 xo 0 slo |
| 015 |
|
|
|a SNBRB1998/06-15604
|
| 035 |
|
|
|a CLN000014831
|
| 040 |
|
|
|a SNKBUCL
|b slo
|c SNKBUCL
|e AACR2
|
| 041 |
0 |
|
|a slo
|
| 044 |
|
|
|a xo
|c SK
|
| 080 |
|
|
|a 616-006.8-08:615.849
|2 1997
|
| 080 |
|
|
|a 615.849
|2 1997
|
| 100 |
1 |
|
|a Jutka, Karol,
|d 1950-
|4 aut
|9 1636304
|
| 245 |
1 |
0 |
|a Rádioterapia melanómov
|c Karol Jutka, Ján Klimo
|
| 300 |
|
|
|b Tab.
|
| 650 |
0 |
7 |
|a melanóm
|x rádioterapia
|2 snkbucl
|9 1469971
|
| 650 |
0 |
7 |
|a rádioterapia
|2 snkbucl
|9 2580
|
| 655 |
|
7 |
|a články z novín a časopisov
|2 snkbucl
|9 267496
|
| 700 |
1 |
|
|a Klimo, Ján,
|d 1938-1998
|4 aut
|9 160343
|
| 773 |
0 |
|
|t Zdravotnícke noviny
|g Roč. 3, č. 24 (1998)
|
| 773 |
0 |
|
|t [Príl.] Lekárske listy
|g Č. 24 (1998), s. 4
|
| 850 |
|
|
|a Slovenská národná knižnica v Martine
|
| 852 |
|
|
|a SNK
|b KIS3GCP
|
| 992 |
|
|
|a RBX
|
| 999 |
|
|
|c 3026721
|d 3028651
|